| 000 | 01648nam0a2200349 4500 | ||
|---|---|---|---|
| 001 | RU\NLR\bibl\1766075 | ||
| 005 | 20260406091514.0 | ||
| 010 |
_a978-5-903004-52-2 _9500 |
||
| 021 |
_aRU _b2011-27580 _91958 |
||
| 035 | _a(NLR Aleph) 001756872 | ||
| 090 |
_a1553755 _c1553755 |
||
| 100 | _a20110504d2010 |||y0rusy50 ca | ||
| 101 | 0 | _arus | |
| 102 | _aRU | ||
| 105 | _aa ||||||||| | ||
| 200 | 1 |
_aС.Н. Глинка против наполеоновской Франции _eу истоков консервативно-националистической идеологии в России _fЕ.Б. Мирзоев _gИн-т бизнеса и политики |
|
| 210 |
_aМосква _cИнститут бизнеса и политики _d2010 |
||
| 215 |
_a163 с. _cил., портр. _d21 |
||
| 320 | _aБиблиогр.: с. 160-162 (39 назв.) и в подстроч. примеч. | ||
| 600 | 1 |
_aГлинка _bС. Н. _f1776 - 1847 _gСергей Николаевич _xОбщественно-политические взгляды _92618259 _3RU\NLR\auth\661554819 |
|
| 606 | 1 |
_aКонсерватизм _yРоссия _z19 в. _91399414 _3RU\NLR\auth\66588816 |
|
| 686 | _aШ5(2=Р)51-4Глинка | ||
| 686 | _aТ3(2)5-474/-479 | ||
| 700 | 1 |
_aМирзоев _bЕ. Б. _gЕвгений Бахлулович _4070 |
|
| 702 | 1 |
_4570 _8rus _7ca _aГлинка _bС. Н. _f1776-1847 _gСергей Николаевич _3RU\NLR\auth\7760601 _943532 |
|
| 801 | 0 |
_aRU _bNLR _c20110504 _gRCR |
|
| 801 | 1 |
_aRU _bNLR _c20110504 |
|
| 830 | _aавт. по кн. | ||
| 942 | _cBOOK | ||
| 980 | _aNB | ||